| 000 | 01120nam a2200361 i 4500 | ||
|---|---|---|---|
| 001 | 7924 | ||
| 003 | BD-RjUL | ||
| 005 | 20211208234509.0 | ||
| 008 | 14 t1974 ne a b 001 0 eng | ||
| 020 | _a044441259X : | ||
| 035 | _aMITb10567953 | ||
| 035 | _a(BD-RjUL)7968 | ||
| 035 | _aGLIS00567953 | ||
| 040 |
_aDLC _cDLC _dOCL _dBD-RJUL _beng |
||
| 041 | _aeng | ||
| 082 | 0 | 4 |
_216 _a510.78 _bBUC 1974 |
| 090 |
_aTC409 _b.B8 |
||
| 099 | _aTC409.B8 | ||
| 100 | 1 |
_aBugliarello, George. _924722 |
|
| 245 | 1 | 0 |
_aComputer systems and water resources / _cby George Bugliarello, and Fred Gunther. |
| 260 |
_aAmsterdam ; _aNew York : _bElsevier Scientific Pub. Co., _cc1974. |
||
| 300 |
_axiv, 202 p. : _bill. ; _c25 cm. |
||
| 490 | 1 |
_aDevelopments in water science ; _v1 |
|
| 504 | _aIncludes Bibliographical reference and index. | ||
| 650 | 0 |
_aWater resources development _xData processing. _924723 |
|
| 830 | 0 |
_v1. _924743 |
|
| 700 | 1 |
_aGunther, Fred. _924725 |
|
| 830 | 0 |
_aDevelopments in water science ; _924744 |
|
| 942 |
_2ddc _cBK |
||
| 949 |
_aMYGE _aMYGD |
||
| 999 |
_c7924 _d7924 |
||